000 00228 a2200109 4500
003 Nust
005 20170207154229.0
040 _cNust
082 _a371.33
245 _aLt Col Zafar (VHS-236)
440 _aLt Col Zafar (VHS-236)
538 _aDuration 80 Mins
999 _c195777
_d195777